[Event "Bahn-chM"]
[Site "Winterberg"]
[Date "2004.10.02"]
[Round "7"]
[White "Lux, Juergen"]
[Black "Markus, Peter"]
[Result "1/2-1/2"]
[WhiteElo "1920"]
[BlackElo "2008"]
[PlyCount "30"]
[EventDate "2004.09.26"]
[EventType "swiss"]
[EventRounds "7"]
[EventCountry "GER"]
[SourceTitle "EXT 2013"]
[Source "ChessBase"]
[SourceDate "2012.11.22"]
[SourceVersion "1"]
[SourceVersionDate "2012.11.22"]
[SourceQuality "1"]

1. e4 e5 2. Nf3 Nc6 3. Bb5 Nf6 4. d3 Bc5 5. 0-0 d6 6. h3 0-0 7. c3 Bb6 8. Nbd2 a6 9. Ba4 Be6 10. Re1 Ne7 11. d4 Ng6 12. Nf1 c6 13. Ng3 Bc7 14. Bc2 Re8 15. Ng5 Bd7 1/2-1/2

[Event "Bahn-chM"]
[Site "Winterberg"]
[Date "2004.09.26"]
[Round "1"]
[White "Lux, Juergen"]
[Black "Lodes, Hermann"]
[Result "1/2-1/2"]
[WhiteElo "1920"]
[BlackElo "2079"]
[PlyCount "97"]
[EventDate "2004.09.26"]
[EventType "swiss"]
[EventRounds "7"]
[EventCountry "GER"]
[SourceTitle "EXT 2013"]
[Source "ChessBase"]
[SourceDate "2012.11.22"]
[SourceVersion "1"]
[SourceVersionDate "2012.11.22"]
[SourceQuality "1"]

1. e4 c6 2. d4 d5 3. Nc3 g6 4. f3 Bg7 5. Be3 dxe4 6. fxe4 Nf6 7. Nf3 Bg4 8. Qd2 Bxf3 9. gxf3 e6 10. 0-0-0 Nbd7 11. Bc4 0-0 12. Bb3 b5 13. Ne2 a5 14. c3 Nb6 15. Nf4 Re8 16. a3 Qc7 17. Kb1 a4 18. Ba2 Qb7 19. Qe2 Nfd7 20. h4 h5 21. Rdg1 Nf8 22. Qg2 Nc4 23. Bc1 c5 24. Nxh5 cxd4 25. Nxg7 Kxg7 26. cxd4 Qb6 27. Rd1 Red8 28. Qg1 Rac8 29. h5 b4 30. Bxc4 Rxc4 31. hxg6 Nxg6 32. Bh6+ Kg8 33. d5 Qxg1 34. Rhxg1 exd5 35. f4 bxa3 36. f5 Rb8 37. Rd2 dxe4 38. fxg6 fxg6 39. Rxg6+ Kh7 40. Rdd6 Rxb2+ 41. Ka1 Rc7 42. Rg1 Rcb7 43. Bf4 R2b6 44. Rd8 a2 45. Kxa2 Rb2+ 46. Ka1 R2b3 47. Bc1 a3 48. Rd2 Rh3 49. Re2 1/2-1/2

[Event "Bahn-chT"]
[Site "Gemuend"]
[Date "1999.10.28"]
[Round "6.4"]
[White "Franke, Roland"]
[Black "Lux, Juergen"]
[Result "1/2-1/2"]
[WhiteElo "1895"]
[BlackElo "1906"]
[PlyCount "59"]
[EventDate "1999.10.24"]
[EventType "team"]
[EventRounds "7"]
[EventCountry "GER"]
[SourceTitle "EXT 2003"]
[Source "ChessBase"]
[SourceDate "2002.11.25"]
[SourceVersion "1"]
[SourceVersionDate "2002.11.25"]
[SourceQuality "1"]
[WhiteTeam "Halle (Bahn)"]
[BlackTeam "Muenchen (Bahn)"]
[WhiteTeamCountry "GER"]
[BlackTeamCountry "GER"]

1. b4 e5 2. Bb2 Bxb4 3. Bxe5 Nf6 4. e3 Nc6 5. Bb2 0-0 6. c4 Re8 7. Nf3 d5 8. Be2 Bg4 9. 0-0 Bf8 10. d4 Ne7 11. Nc3 c6 12. Qb3 Ng6 13. h3 Bf5 14. a4 Qd7 15. cxd5 Nxd5 16. Nxd5 Qxd5 17. Bc4 Qd7 18. Ng5 Nh8 19. Ba3 Bxa3 20. Rxa3 h6 21. Nf3 Ng6 22. a5 Re7 23. Kh2 Rd8 24. Rc1 Qd6+ 25. Kg1 Qf6 26. Be2 Bc8 27. Qb4 Ree8 28. Rc5 Nf4 29. Kf1 Nd5 30. Qd2 1/2-1/2

[Event "Bahn-chT"]
[Site "Gemuend"]
[Date "1999.10.27"]
[Round "5.4"]
[White "Lux, Juergen"]
[Black "Fischbach, Horst"]
[Result "1/2-1/2"]
[WhiteElo "1906"]
[BlackElo "1854"]
[PlyCount "72"]
[EventDate "1999.10.24"]
[EventType "team"]
[EventRounds "7"]
[EventCountry "GER"]
[SourceTitle "EXT 2003"]
[Source "ChessBase"]
[SourceDate "2002.11.25"]
[SourceVersion "1"]
[SourceVersionDate "2002.11.25"]
[SourceQuality "1"]
[WhiteTeam "Muenchen (Bahn)"]
[BlackTeam "Frankfurt (Bahn)"]
[WhiteTeamCountry "GER"]
[BlackTeamCountry "GER"]

1. Nf3 d5 2. g3 g6 3. Bg2 Bg7 4. 0-0 e5 5. d3 c6 6. Nbd2 Ne7 7. e4 0-0 8. Qe1 Qd6 9. a4 f6 10. b4 Be6 11. Ba3 Qd8 12. Qe2 d4 13. Nc4 b6 14. Nfd2 Qc7 15. f4 Nd7 16. Rac1 Rae8 17. c3 dxc3 18. Rxc3 exf4 19. Rxf4 f5 20. Rc1 Bxc4 21. Nxc4 Bh6 22. Rff1 Bxc1 23. Rxc1 f4 24. e5 fxg3 25. hxg3 Nf5 26. Qa2 Kg7 27. Bb2 c5 28. Nd6 Re7 29. g4 Nh4 30. e6+ Kh6 31. Nf7+ Rexf7 32. exf7 Qg3 33. Bc3 Nf3+ 34. Kf1 Nh2+ 35. Kg1 Nf3+ 36. Kf1 Nh2+ 1/2-1/2

[Event "Bahn-chT"]
[Site "Gemuend"]
[Date "1999.10.24"]
[Round "1.4"]
[White "Lux, Juergen"]
[Black "Lewald, Stephan"]
[Result "1-0"]
[WhiteElo "1906"]
[BlackElo "1918"]
[PlyCount "145"]
[EventDate "1999.10.24"]
[EventType "team"]
[EventRounds "7"]
[EventCountry "GER"]
[SourceTitle "EXT 2003"]
[Source "ChessBase"]
[SourceDate "2002.11.25"]
[SourceVersion "1"]
[SourceVersionDate "2002.11.25"]
[SourceQuality "1"]
[WhiteTeam "Muenchen (Bahn)"]
[BlackTeam "Hamburg (Bahn)"]
[WhiteTeamCountry "GER"]
[BlackTeamCountry "GER"]

1. Nf3 g6 2. g3 Bg7 3. Bg2 d6 4. 0-0 Nf6 5. d3 0-0 6. c3 e5 7. Nbd2 Nc6 8. e4 d5 9. Re1 dxe4 10. dxe4 h6 11. Qc2 Be6 12. Nf1 Qe7 13. Ne3 Rfd8 14. Nd2 Qd7 15. Bf1 a6 16. Nb3 b6 17. Rd1 Qe8 18. Bd2 a5 19. Bb5 Bd7 20. Be1 Nb8 21. a4 c6 22. Bf1 Be6 23. Rxd8 Qxd8 24. Rd1 Qc7 25. Nd2 Nbd7 26. Ndc4 Nc5 27. f3 Nh7 28. Bf2 Ng5 29. Bg2 Bh3 30. Rd2 Bxg2 31. Kxg2 h5 32. Qd1 Bf6 33. h4 Nge6 34. Nf1 Kg7 35. Qc2 Rb8 36. b4 axb4 37. cxb4 Nxa4 38. Nxe5 Bxe5 39. Qxa4 b5 40. Qd1 Rd8 41. f4 Bc3 42. Rxd8 Qxd8 43. Qb3 Bf6 44. Qc2 Qd7 45. Ne3 Kh7 46. e5 Bg7 47. Qe4 Qd4 48. Qxc6 Qxb4 49. Qb7 Kg8 50. Nd5 Qe4+ 51. Kh2 Qc2 52. Ne7+ Kh7 53. Kg1 Nd4 54. Bxd4 Qd1+ 55. Kg2 Qxd4 56. Qxb5 Qd2+ 57. Kh3 Qd1 58. Qd5 Qf1+ 59. Kh2 Qe2+ 60. Kg1 Qe1+ 61. Kh2 Qe2+ 62. Qg2 Qd1 63. Nd5 Bf8 64. Ne3 Qd3 65. Nf1 Kg7 66. Nd2 Bb4 67. Nf3 Qe4 68. Ng5 Qc4 69. e6 Be7 70. exf7 Bxg5 71. hxg5 Qxf7 72. Qb2+ Kh7 73. Qe5 1-0

[Event "Bahn-chV"]
[Site "Baiersbronn"]
[Date "1998.10.26"]
[Round "2"]
[White "Lux, Juergen"]
[Black "Snitil, Hans"]
[Result "1-0"]
[WhiteElo "1952"]
[BlackElo "1793"]
[PlyCount "75"]
[EventDate "1998.10.25"]
[EventType "swiss"]
[EventRounds "7"]
[EventCountry "GER"]
[SourceTitle "EXT 2001"]
[Source "ChessBase"]
[SourceDate "2000.11.22"]
[SourceVersion "1"]
[SourceVersionDate "2000.11.22"]
[SourceQuality "1"]

1. d4 d5 2. c4 e6 3. Nc3 c6 4. e3 Nd7 5. Nf3 g6 6. Be2 Bg7 7. 0-0 f5 8. b3 Ngf6 9. Ba3 Ne4 10. Qc2 Qa5 11. Bb2 0-0 12. a4 Qd8 13. a5 Rf7 14. Bd3 Bf6 15. Ne2 Qe8 16. Ne5 Rg7 17. Rae1 Bd8 18. b4 Bc7 19. f3 Nef6 20. Ng3 Qe7 21. Qd2 Ne8 22. c5 a6 23. e4 Qd8 24. Qh6 Nef6 25. exf5 exf5 26. Rf2 Nf8 27. Rfe2 Kh8 28. Bb1 Rb8 29. h4 Ng8 30. Qg5 Ne6 31. Qxd8 Bxd8 32. h5 Bh4 33. Kh2 Bxg3+ 34. Kxg3 gxh5+ 35. Kh2 Nf4 36. Rf2 h4 37. Bc1 Nh5 38. Bg5 1-0